| 000 | 00519nam a2200133Ia 4500 | ||
|---|---|---|---|
| 008 | 160809s9999 xx 000 0 und d | ||
| 100 | _aAlekseev, Sergej. | ||
| 245 | _aSergej Alekseev and Jorg Schafer, Frankfurt University of Applied Sciences, Germany | ||
| 245 | _cSergej Alekseev and Jorg Schafer, Frankfurt University of Applied Sciences, Germany. | ||
| 260 | _bComputer Science and Information Technology | ||
| 260 | _cJanuary 2016 | ||
| 650 | _xINFORMATION TECHNOLOGY | ||
| 856 | _uhttp://airccse.org/V6N48.html | ||
| 999 |
_c300044 _d300044 |
||